Library Banner

نسلی امتیاز (Record no. 83183)

MARC details
000 -LEADER
fixed length control field 00423nam a22001337a 4500
005 - DATE AND TIME OF LATEST TRANSACTION
control field 20160225151013.0
008 - FIXED-LENGTH DATA ELEMENTS--GENERAL INFORMATION
fixed length control field 160225b xxu||||| |||| 00| 0 eng d
040 ## - CATALOGING SOURCE
Transcribing agency PK-LaUMT
082 ## - DEWEY DECIMAL CLASSIFICATION NUMBER
Classification number AMC 968.004
Item number NAS-
245 ## - TITLE STATEMENT
Title نسلی امتیاز
Remainder of title حکومتیں اور تاریخی جعلسازی
Statement of responsibility, etc محمد سعد شیخ(مترجم
260 ## - PUBLICATION, DISTRIBUTION, ETC. (IMPRINT)
Place of publication, distribution, etc لاہور
Name of publisher, distributor, etc اسلامک بک سنٹر
Date of publication, distribution, etc 1989
300 ## - PHYSICAL DESCRIPTION
Extent 162 ص
942 ## - ADDED ENTRY ELEMENTS (KOHA)
Koha item type Books
Holdings
Withdrawn status Lost status Damaged status Home library Current library Date acquired Full call number Barcode Date last seen Price effective from Koha item type
      UMT Main Campus UMT Main Campus 2016-02-25 AMC 968.004 NAS- 85343 2021-07-19 2016-02-25 Books